Statistics for Countries with Snow Leopards

Click here to take the quiz!

General Stats

  • This quiz has been taken 304 times
  • The average score is 11 of 13

Answer Stats

Snow Leopard Country% Correct
China
98%
Russia
95%
India
89%
India
89%
Nepal
89%
Kazakhstan
86%
Mongolia
85%
Pakistan
85%
Bhutan
84%
Afghanistan
83%
Uzbekistan
83%
Kyrgyzstan
81%
Tajikistan
79%

Score Distribution

Percentile by Number Answered

Percent of People with Each Score

Your Score History

You have not taken this quiz